00943nam a2200241 i 450000500170000000700030001700800410002002000180006104000350007908200230011424501340013725000220027126400390029330000550033233600270038733700330041433800280044752100530047565000700052865000760059894200120067499900150068620220317002042.0ta201119s2019 ck ao j 000 0 spa d a9789585979550 aCO-BoRNBPbspaerdacCO-BoRNBP04a796.8123bA77a22203aEl arte de la máscara, carteles - luchadores - combates bla lucha libre en Bogotá 1970-2000 cPrólogo por El Psicodélico aPrimera edición 1aBogotábCaballito de aceroc2019 a175 páginasbilustraciones, fotografíasc27 cm 2rdacontentatextobtxt 2rdamediaasin mediaciónbn 2rdacarrieravolumenbnc aRecomendado para un público mayor de 15 años17aLucha librexHistoriazBogotá y1970-2000 vFotografías2LEMB17aDeportes de luchaxHistoriayBogotá z1970-2000 vFotografías2LEMB 2ddccBK c9023d9023